| 000 | 01205nam a2200289 4500 | ||
|---|---|---|---|
| 001 | 177389 | ||
| 003 | ES-MaACL | ||
| 005 | 20230907123131.0 | ||
| 008 | 110321s2008 sp abd |||| | spa d | ||
| 017 | _aM-23.749-2008 | ||
| 020 | _a978-84-9742-849-1 | ||
| 080 | _a327(4-672 UE:560) | ||
| 245 | 0 | 3 |
_aEl impacto de la adhesión de Turquía en la Unión Europea / _cJosé María Beneyto (dir.) ; Patricia Argerey (coord.). |
| 260 |
_aMadrid : _bBiblioteca Nueva : _bInstituto Universitario de Estudios Europeos de la Universidad CEU San Pablo, _c[2008] |
||
| 300 |
_a268 p. : _bil., gráf., mapas ; _c24 cm. |
||
| 490 | 1 |
_aLa sociedad internacional contemporánea ; _v6 |
|
| 504 | _aReferencias bibliográficas. | ||
| 610 | 2 | 7 |
_aUnión Europea- _zTurquía. _9145743 |
| 700 | 1 |
_aBeneyto, José María. _927557 |
|
| 700 | 1 |
_aArgerey Vilar, Patricia. _9145744 |
|
| 710 | 2 |
_aUniversidad San Pablo CEU. _bInstituto Universitario de Estudios Europeos. _9145746 |
|
| 830 | 0 |
_aLa sociedad internacional contemporánea ; _v6 _9224173 |
|
| 852 |
_aES-MaACL _9184207 _bR.145534 _jA-11053 _dOlim:N-4058 _cDEPO1 |
||
| 942 |
_2udc _cMONOGRAFIA |
||
| 999 |
_c177389 _d177389 |
||